00315nam a22000977a 4500003000400000008004100004245003000045250006300075260005200138650002700190OSt201203b ||||| |||| 00| 0 eng d aClaro : Materials Science a2016(Jan-Mar Vol.2016, Apr-Jun Vol.2016, Oct-Dec Vol.2016) aAhmedabad, GujaratbClaro Publication Pvt. Ltd. aMechanical Engineering